Central Library OPAC University of Rajshahi

Up from slavery : (Record no. 26156)

MARC details
000 -LEADER
fixed length control field 01008cam a2200289 a 4500
001 - CONTROL NUMBER
control field 26156
003 - CONTROL NUMBER IDENTIFIER
rucl marc code BD-RjUL
005 - DATE AND TIME OF LATEST TRANSACTION
control field 20211209050958.0
008 - FIXED-LENGTH DATA ELEMENTS--GENERAL INFORMATION
fixed length control field 140320r19551945enk b 000 0aeng d
035 ## - SYSTEM CONTROL NUMBER
System control number (BD-RjUL)26226
040 ## - CATALOGING SOURCE
Original cataloging agency BD-RjUL
Language of cataloging eng
Transcribing agency BD-RjUL
Modifying agency BD-RjUL
041 ## - LANGUAGE CODE
Language code of text/sound track or separate title eng
082 00 - DEWEY DECIMAL CLASSIFICATION NUMBER
Classification number 370.924
Author mark and year WAU 1955
100 1# - MAIN ENTRY--PERSONAL NAME
Personal name Washington, Booker T.,
Dates associated with a name 1856-1915.
9 (RLIN) 80381
245 10 - TITLE STATEMENT
Title Up from slavery :
Remainder of title an autobiography /
Statement of responsibility, etc. by Booker T. Washington ; with an introduction by Jonathan Daniels
260 ## - PUBLICATION, DISTRIBUTION, ETC. (IMPRINT)
Place of publication, distribution, etc. London :
Name of publisher, distributor, etc. Oxford University Press,
Date of publication, distribution, etc. 1945 [Reprinted 1955].
300 ## - PHYSICAL DESCRIPTION
Pagination xii, 244 p. ;
Illustrations 16 cm
490 1# - SERIES STATEMENT
Series statement World's classics
500 ## - GENERAL NOTE
General note Originally published: New York : Doubleday, Page, 1901
504 ## - BIBLIOGRAPHY, ETC. NOTE
Bibliography, etc Includes index.
600 10 - SUBJECT ADDED ENTRY--PERSONAL NAME
Personal name Washington, Booker T.,
Dates associated with a name 1856-1915.
610 20 - SUBJECT ADDED ENTRY--CORPORATE NAME
Corporate name or jurisdiction name as entry element Tuskegee Institute
650 #0 - SUBJECT ADDED ENTRY--TOPICAL TERM
Topical term or geographic name as entry element Afro-Americans
General subdivision Biography
9 (RLIN) 80384
Topical term or geographic name as entry element Educators
Geographic subdivision United States
Form subdivision Biography
9 (RLIN) 72821
830 #0 - SERIES ADDED ENTRY--UNIFORM TITLE
Uniform title World's classics
942 ## - ADDED ENTRY ELEMENTS (KOHA)
Source of classification or shelving scheme Dewey Decimal Classification
Koha item type Books
Holdings
Lost status Source of classification or shelving scheme Damaged status Not for loan Collection code Permanent Location Current Location Shelving location Date acquired Source of acquisition Cost, normal purchase price Total Checkouts Full call number Date last seen Copy number Koha item type
  Dewey Decimal Classification   Added to bundle Non-fiction Central Library, University of Rajshahi Central Library, University of Rajshahi Reading Room 18/11/1957 O. U. P. 4.14   370.924 WAU 1955 20/03/2014 C-1 Books